Colour and optical properties of foods : a bibliography /

Guardado en:
Autor Corporativo: COST90bis Project.
Otros Autores: Kent, M. (Compilador, comp.)
Formato: Libro
Idioma:English
Publicado: Hornchurch, Essex, England : Food Science Publishers, 1989.
Series:A COST90bis publication
Materias:
Etiquetas: Agregar Etiqueta
Sin Etiquetas, Sea el primero en etiquetar este registro!
LEADER 00952nam a22002775a 4500
001 EIQ.libpla002211
008 890911s1989####enk######b####001#0#eng#d
005 20080925155108.0
245 0 0 |a Colour and optical properties of foods :  |b a bibliography /  |c compiled by M. Kent. 
260 |a Hornchurch, Essex, England :  |b Food Science Publishers,  |c 1989. 
300 |a vii, 118 p. ;  |c 23 cm. 
440 2 |a A COST90bis publication 
500 |a Incluye índice. 
020 |a 0948323752 
700 1 |a Kent, M.  |q (Mike),  |e comp.  |4 com 
710 2 |a COST90bis Project. 
082 0 0 |a 016.664/07  |2 20 
650 4 |a Color del alimento  |x Bibliografía. 
650 4 |a Alimentos  |x Propiedades ópticas. 
650 4 |a Alimentos  |x Bibliografía. 
650 4 |a Food  |x Optical properties. 
650 0 |a Color of food  |x Bibliography. 
650 4 |a Food  |x Bibliography. 
010 |a  89184210  
040 |a DLC  |c DLC  |d AR-BbSID 
859 |a AR-BbSID  |b BIB. PLAPIQUI  |h 664.07  |i C 552  |p 4008